Normal view
MARC view
Entry Corporate Name
001 - CONTROL NUMBER
- control field: 13275
003 - CONTROL NUMBER IDENTIFIER
- control field: TZ-ArACH
005 - DATE AND TIME OF LATEST TRANSACTION
- control field: 20130821122105.0
008 - FIXED-LENGTH DATA ELEMENTS
- fixed length control field: 130821|||a|||||| | ||| d
040 ## - CATALOGING SOURCE
- Original cataloging agency: TZ-ArACH
- Transcribing agency: TZ-ArACH
110 ## - HEADING--CORPORATE NAME
- Corporate name or jurisdiction name as entry element: International Criminal Court.
670 ## - SOURCE DATA FOUND
- Source citation: Work cat.: (TZ-ArACH)2233: Schabas, William, 1950- 13274, Introduction to the International Criminal Court /, 2011.
670 ## - SOURCE DATA FOUND
- Source citation: Work cat.: (TZ-ArACH)2233: Schabas, William, 1950- 13274, Introduction to the International Criminal Court /, 2011.
